01487nam a2200337 i 4500001000300000003000400003005001700007008003900024020001900063020001900082040000800101041001300109080001000122080001200132100003800144245025100182250001500433260004800448500015000496500007000646504002600716530004800742655003000790650004200820700002600862700004000888700004500928700002900973700004901002856009801051bgBPK20221028074943.0080808s2007 pl f f |000 0 pol a9788301148140  a9788301148157  cBPK1 apolheng a339.9 a(075.8)1 aKrugman, Paul R.d(1953- )eAutor10aEkonomia międzynarodowa :bteoria i polityka.nT. 1 /cPaul R. Krugman, Maurice Obstfeld ; red. nauk. przekł. Jan Jakub Michałek, Włodzimierz Siwiński ; przekł. Paweł Gieraltowski [et al.] ; aut. [aneksów] Gabriela Grotkowska [et al.]. aWyd. 3 zm. aWarszawa :bWydawnictwo Naukowe PWN,c2007. aPoprzednie wyd. ukazały się pt.: "Międzynarodowe stosunki gospodarcze. Teoria i polityka", wyd. 1 w 1993 r., wyd. 2 popr. i rozsz. w 1997 r. aTyt. oryg.: "International economics. Theory and policy", 7th ed. aBibliogr. przy rozdz. aDostępny także w formie elektronicznej. aPodręczniki akademickie 4aMiędzynarodowe stosunki gospodarcze1 aGrotkowska, Gabriela.1 aGierałtowski, PawełeTłumaczenie1 aMichałek, Jan Jakubd(1953- )eRedakcja1 aObstfeld, MauriceeAutor1 aSiwiński, Włodzimierzd(1939- )eRedakcja uhttp://koha.tu.koszalin.pl/cgi-bin/koha/opac-detail.pl?biblionumber=53525yKatalog online BPK